| 000 | 00881nam a22002297a 4500 | ||
|---|---|---|---|
| 999 |
_c756 _d756 |
||
| 003 | AR-CdUCM | ||
| 008 | 190225b ||||| |||| 00| 0 spa d | ||
| 040 |
_aMUNICIPALIDAD PROVINCIAL DEL CUSCO _cBIBLIOTECA MUNICIPAL DEL CUSCO |
||
| 082 |
_a869.009 / _bF81 |
||
| 100 |
_aFranco, Jean _92900 |
||
| 245 | _aLa cultura moderna en América Latina / | ||
| 260 |
_aMéxico : _bJoaquin Mortiz, _c1971. |
||
| 300 |
_a358 páginas ; _c21 cm. |
||
| 500 | _aDonación familia Nieto. | ||
| 505 | _aContenido: El artista y la conciencia social -- La minoría selecta: arielismo y criollismo 1900-1918 -- La vuelta a las raíces -- Arte y lucha política -- ¿cosmopolita o universal? ... | ||
| 650 |
_aNacionalismo _92901 |
||
| 650 |
_aCultura _9126 |
||
| 650 |
_aIntegración racial _92902 |
||
| 700 |
_aPitol, Sergio (traductor) _92903 |
||
| 942 |
_2ddc _cLIBROS |
||
| 945 |
_aafb _d2019-02-25 |
||